| 000 | 00473cam a22001337a 4500 | ||
|---|---|---|---|
| 008 | 180718b2005 xxu||||| |||| 00| 0 eng d | ||
| 082 | _aAPPPA/2004-05/SIN/45 | ||
| 100 | _aSingh, Satinder | ||
| 245 |
_aDistance education in India: a critical review _cby Satinder Singh |
||
| 260 |
_aNew Delhi _bIndian Institute of Public Administration _c2005 |
||
| 300 | _av.p. | ||
| 500 | _aAn APPPA M.Phil dissertation, 2004-05 (Guide: N.C. Ganguli) | ||
| 650 | _aDistance education-India | ||
| 999 |
_c493105 _d493105 |
||